00347nam a2200109Ia 4500008004100000100002000041245005000061500007500111650002700186942000700213999001700220181011s9999 xx 000 0 und d aDavid T.Lindell 4aThe Henry Martyn Institute of Islamic Studies aThe Bulletin of Christian Institutes of islamic Studies Jan - Dec 1980 aHenry Martyn Institute cBR c21812d21812